000 00530nam a22001697a 4500
999 _c107677
_d107677
005 20230315093450.0
008 180924b ||||| |||| 00| 0 eng d
020 _a9789695173787
040 _cPK-LaUMT
082 _a891.4393
_bRIA-W
100 _aRiaz Aqib Kohler =ریاض عاقب کوہلر
245 _aWafa he zaat aurat ki = وفا یے ذات عورت کی/
_cRiaz Aqib Kohler =ریاض عاقب کوہلر
260 _aLahore :
_bAli Mian Publications,
_c2017
300 _a159 p.
546 _aUrdu
942 _cBK